Neue Forschungen zur schlesischen Geschichte

Bibliographische Detailangaben
Format: Schriftenreihe
Sprache:German
Veröffentlicht: Köln Weimar Wien : Böhlau, 1992-
Zugriff auf das übergeordnete Werk:Neue Forschungen zur schlesischen Geschichte
Schlagworte:Schlesien Geschichte
LEADER 01000cas a2200265 c 4500
001 246730196
003 DE-627
005 20260207120946.0
007 tu
008 980721c19929999gw z| m| 0 |0ger c
015 |a 07,A25,1570  |2 dnb 
016 7 |a 019299109  |2 DE-101 
016 7 |a 1435859-1  |2 DE-600 
022 |a 2702-7945 
035 |a (DE-627)246730196 
035 |a (DE-576)030369126 
035 |a (DE-599)ZDB1435859-1 
035 |a (OCoLC)638341379 
040 |a DE-627  |b ger  |c DE-627  |e rakwb 
041 |a ger 
044 |c XA-DE  |c XA-AT 
082 0 4 |a 943  |a 940  |q DE-101 
082 0 4 |a 390  |q DE-600 
084 |a 15.49  |2 bkl 
222 0 |a Neue Forschungen zur schlesischen Geschichte 
245 0 0 |a Neue Forschungen zur schlesischen Geschichte 
247 1 0 |a eine Schriftenreihe des Historischen Instituts der Universität Stuttgart  |f Zusatz anfangs 
264 3 1 |a Köln  |a Weimar  |a Wien  |b Böhlau  |c 1992- 
336 |a Text  |b txt  |2 rdacontent 
337 |a ohne Hilfsmittel zu benutzen  |b n  |2 rdamedia 
338 |a Band  |b nc  |2 rdacarrier 
362 0 |a 1.1992 - 
363 0 1 |a 1  |i 1992 
515 |a Ersch. unregelmäßig 
655 7 |a Monografische Reihe  |0 (DE-588)4179998-7  |0 (DE-627)104628669  |0 (DE-576)209995106  |2 gnd-content 
689 0 0 |D g  |0 (DE-588)4052678-1  |0 (DE-627)104564180  |0 (DE-576)209099240  |a Schlesien  |2 gnd 
689 0 1 |A z  |2 gnd  |a Geschichte 
689 0 |5 (DE-627) 
776 1 |x 2748-4327 
776 0 8 |i Erscheint auch als  |n Online-Ausgabe  |t Neue Forschungen zur schlesischen Geschichte  |d Köln : Böhlau Verlag, 1995  |h Online-Ressource  |w (DE-627)863143962  |w (DE-600)2862030-6  |w (DE-576)474110427  |x 2748-4327 
889 |w (DE-603)186262779 
889 |w (DE-627)1871364507 
912 |a GBV_ILN_11 
912 |a ISIL_DE-1a 
912 |a SYSFLAG_1 
912 |a GBV_KXP 
912 |a SSG-OPC-ANG 
912 |a GBV_ILN_20 
912 |a ISIL_DE-84 
912 |a GBV_ILN_21 
912 |a ISIL_DE-46 
912 |a GBV_ILN_22 
912 |a ISIL_DE-18 
912 |a GBV_ILN_22_i30908 
912 |a GBV_ILN_22_i25008 
912 |a GBV_ILN_22_i22708 
912 |a GBV_ILN_22_i30402 
912 |a GBV_ILN_22_i31308 
912 |a GBV_ILN_22_i29608 
912 |a GBV_ILN_24 
912 |a ISIL_DE-8 
912 |a GBV_ILN_24_f040 
912 |a GBV_ILN_31 
912 |a ISIL_DE-27 
912 |a GBV_ILN_39 
912 |a ISIL_DE-547 
912 |a GBV_ILN_40 
912 |a ISIL_DE-7 
912 |a GBV_ILN_40_i053 
912 |a GBV_ILN_50 
912 |a ISIL_DE-23 
912 |a GBV_ILN_60 
912 |a ISIL_DE-705 
912 |a GBV_ILN_61 
912 |a ISIL_DE-32 
912 |a GBV_ILN_62 
912 |a ISIL_DE-28 
912 |a GBV_ILN_65 
912 |a ISIL_DE-3 
912 |a GBV_ILN_69 
912 |a ISIL_DE-9 
912 |a GBV_ILN_70 
912 |a ISIL_DE-89 
912 |a GBV_ILN_72 
912 |a ISIL_DE-35 
912 |a GBV_ILN_77 
912 |a ISIL_DE-Hv14 
912 |a GBV_ILN_100 
912 |a ISIL_DE-Ma9 
912 |a GBV_ILN_120 
912 |a ISIL_DE-715 
912 |a GBV_ILN_121 
912 |a ISIL_DE-45 
912 |a GBV_ILN_123 
912 |a ISIL_DE-Ha33 
912 |a GBV_ILN_130 
912 |a ISIL_DE-700 
912 |a GBV_ILN_131 
912 |a ISIL_DE-Va1 
912 |a GBV_ILN_171 
912 |a ISIL_DE-Ha2 
912 |a GBV_ILN_176 
912 |a GBV_ILN_176_2 
912 |a GBV_ILN_176_1 
912 |a GBV_ILN_179 
912 |a ISIL_DE-B4 
912 |a GBV_ILN_181 
912 |a GBV_ILN_181_b010 
912 |a GBV_ILN_181_b030 
912 |a GBV_ILN_181_b050 
912 |a GBV_ILN_203 
912 |a GBV_ILN_203_m36609 
912 |a GBV_ILN_204 
912 |a GBV_ILN_216 
912 |a ISIL_DE-Bs78 
912 |a GBV_ILN_244 
912 |a ISIL_DE-B41 
912 |a GBV_ILN_267 
912 |a ISIL_DE-101 
912 |a GBV_ILN_285 
912 |a ISIL_DE-517 
912 |a GBV_ILN_350 
912 |a ISIL_DE-2795 
912 |a GBV_ILN_350_ 
912 |a GBV_ILN_606 
912 |a ISIL_DE-B1549 
912 |a GBV_ILN_655 
912 |a ISIL_DE-2840 
912 |a GBV_ILN_688 
912 |a ISIL_DE-Ma33 
912 |a GBV_ILN_697 
912 |a ISIL_DE-Y8 
912 |a GBV_ILN_807 
912 |a ISIL_DE-Wb1 
912 |a GBV_ILN_813 
912 |a ISIL_DE-Mue73 
912 |a GBV_ILN_2001 
912 |a ISIL_DE-21 
912 |a GBV_ILN_2002 
912 |a ISIL_DE-21-31 
912 |a ISIL_DE-21-64 
912 |a ISIL_DE-21-35 
912 |a ISIL_DE-21-62 
912 |a ISIL_DE-21-108 
912 |a ISIL_DE-21-32c 
912 |a GBV_ILN_2003 
912 |a ISIL_DE-25 
912 |a GBV_ILN_2004 
912 |a ISIL_DE-25-31b 
912 |a ISIL_DE-25-66a 
912 |a ISIL_DE-25-81 
912 |a ISIL_DE-Frei131 
912 |a GBV_ILN_2005 
912 |a ISIL_DE-291 
912 |a ISIL_DE-291-102 
912 |a ISIL_DE-291-313 
912 |a ISIL_DE-291-306 
912 |a GBV_ILN_2006 
912 |a ISIL_DE-14 
912 |a GBV_ILN_2007 
912 |a ISIL_DE-352 
912 |a GBV_ILN_2008 
912 |a ISIL_DE-24 
912 |a GBV_ILN_2009 
912 |a ISIL_DE-180 
912 |a GBV_ILN_2010 
912 |a ISIL_DE-15 
912 |a GBV_ILN_2011 
912 |a ISIL_DE-16 
912 |a GBV_ILN_2012 
912 |a ISIL_DE-16-29 
912 |a ISIL_DE-16-34 
912 |a ISIL_DE-16-47 
912 |a ISIL_DE-16-142 
912 |a GBV_ILN_2014 
912 |a ISIL_DE-90 
912 |a GBV_ILN_2015 
912 |a ISIL_DE-93 
912 |a GBV_ILN_2016 
912 |a ISIL_DE-93-114 
912 |a GBV_ILN_2018 
912 |a ISIL_DE-31 
912 |a GBV_ILN_2019 
912 |a ISIL_DE-Tue135 
912 |a GBV_ILN_2020 
912 |a ISIL_DE-Ch1 
912 |a GBV_ILN_2027 
912 |a ISIL_DE-105 
912 |a GBV_ILN_2030 
912 |a ISIL_DE-77-XXX 
912 |a GBV_ILN_2035 
912 |a ISIL_DE-Sp3 
912 |a GBV_ILN_2036 
912 |a ISIL_DE-Stg117 
912 |a GBV_ILN_2041 
912 |a ISIL_DE-Frei85 
912 |a GBV_ILN_2042 
912 |a ISIL_DE-M504190 
912 |a ISIL_DE-M504114 
912 |a GBV_ILN_2043 
912 |a ISIL_DE-Mar1 
912 |a GBV_ILN_2046 
912 |a ISIL_DE-N1 
912 |a GBV_ILN_2056 
912 |a ISIL_DE-2491 
912 |a GBV_ILN_2082 
912 |a ISIL_DE-D13 
912 |a GBV_ILN_2083 
912 |a ISIL_DE-Rot2 
912 |a GBV_ILN_2123 
912 |a ISIL_DE-He116 
912 |a GBV_ILN_2155 
912 |a ISIL_DE-Stg260 
912 |a GBV_ILN_2156 
912 |a ISIL_DE-D264 
912 |a GBV_ILN_2158 
912 |a ISIL_DE-D115 
912 |a GBV_ILN_2164 
912 |a ISIL_DE-Tue126 
912 |a GBV_ILN_2175 
912 |a ISIL_DE-Stg90 
912 |a GBV_ILN_2208 
912 |a ISIL_DE-451 
912 |a GBV_ILN_2258 
912 |a ISIL_DE-Stg277 
912 |a GBV_ILN_2299 
912 |a ISIL_DE-Gl2 
912 |a GBV_ILN_2306 
912 |a ISIL_DE-Be1 
912 |a GBV_ILN_2315 
912 |a ISIL_DE-185 
912 |a GBV_ILN_2428 
912 |a ISIL_DE-L325 
912 |a GBV_ILN_2436 
912 |a ISIL_DE-Brs1 
912 |a GBV_ILN_2449 
912 |a ISIL_DE-ZDB-HU-100 
912 |a GBV_ILN_2453 
912 |a ISIL_DE-L327 
912 |a GBV_ILN_2505 
912 |a ISIL_DE-B478 
912 |a GBV_ILN_2508 
912 |a ISIL_DE-B69 
912 |a GBV_ILN_2527 
912 |a ISIL_DE-125 
912 |a GBV_ILN_2549 
912 |a ISIL_DE-2830 
912 |a GBV_ILN_2570 
912 |a ISIL_DE-364 
912 |a GBV_ILN_2579 
912 |a ISIL_DE-Mz5 
912 |a GBV_ILN_2580 
912 |a ISIL_DE-4370 
912 |a GBV_ILN_4277 
912 |a ISIL_DE-109 
935 |a BGTS  |a mteo  |a FBGO  |a JALB 
935 |i sdedup20221105 
936 b k |a 15.49  |j Ostmitteleuropa  |x Deutsche Geschichte  |0 (DE-627)181569817 
936 s n |a n100  |2 mzub 
951 |a ST 
980 |2 11  |1 02  |x 0001  |b 364860510  |y x  |z 01-01-71 
980 |2 20  |1 01  |x 0084  |b 655935703  |y x  |z 13-07-04 
980 |2 21  |1 01  |x 0046  |b 161759386  |y xza  |z 15-11-95 
980 |2 22  |1 01  |x 0018  |b 089707265  |y xu  |z 12-08-93 
980 |2 22  |1 02  |x 0018  |b 189763248  |y xi30908  |z 21-06-96 
980 |2 22  |1 03  |x 0018  |b 306194988  |y zi25008  |z 19-10-98 
980 |2 22  |1 04  |x 0018  |b 321872312  |y xi22708  |z 20-11-95 
980 |2 22  |1 06  |x 0018  |b 625061330  |y xi30402  |z 03-12-03 
980 |2 22  |1 07  |x 0018  |b 1811155650  |y xi31308  |z 10-10-18 
980 |2 22  |1 08  |x 0018  |b 4188881054  |y xi29608  |z 15-09-22 
980 |2 24  |1 01  |x 0008  |b 096973056  |c 00  |f 16  |d Einzelsignaturen  |e u  |j --%%--  |g Bestand: Einzelbandnachweis  |h hb  |k Teilweise vorhanden unter Pg 2344  |y zz1  |z 12-08-93 
980 |2 24  |1 02  |x 0008  |b 1224419103  |c 00  |f 8/40  |d Einzelsignaturen  |e i  |j --%%--  |h ha  |y kf040  |z 10-02-11 
980 |2 31  |1 01  |x 0027  |b 225768348  |y x  |z 22-01-97 
980 |2 39  |1 01  |x 0547  |b 253655277  |y xe  |z 14-07-98 
980 |2 39  |1 02  |x 0547  |b 1579269915  |y xg  |z 09-11-15 
980 |2 40  |1 01  |x 0007  |b 189032596  |c 00  |f --%%--  |d Einzelsignaturen  |e u  |j --%%--  |y xsn  |z 14-06-96 
980 |2 40  |1 02  |x 0007  |b 225863022  |y xi053  |z 23-01-97 
980 |2 50  |1 01  |x 0023  |b 16983851X  |k HAB WF: Bestand vollständig eingegeben  |y x  |z 09-01-96 
980 |2 60  |1 01  |x 0705  |b 916466469  |y x  |z 08-01-09 
980 |2 61  |1 01  |x 0032  |b 337467501  |y x  |z 29-04-99 
980 |2 62  |1 01  |x 0028  |b 168479826  |y x  |z 07-12-95 
980 |2 65  |1 01  |x 0003  |b 171019857  |y x  |z 24-01-96 
980 |2 69  |1 01  |x 0009  |b 165558318  |y x  |z 23-09-10 
980 |2 70  |1 01  |x 0089  |b 561058474  |g Bestand: Einzelbandnachweis  |y xsg  |z 10-07-02 
980 |2 70  |1 90  |x 0089  |b 914337254  |g Bestand: Einzelbandnachweis  |y xsa  |z 09-12-08 
980 |2 72  |1 01  |x 0035  |b 173347258  |y xz  |z 07-02-96 
980 |2 77  |1 01  |x 3077  |b 567895491  |c 00  |f --%%--  |d Einzelsignatur  |e u  |j --%%--  |y x  |z 28-08-02 
980 |2 100  |1 01  |x 3100  |b 819854573  |y x  |z 15-05-07 
980 |2 120  |1 01  |x 0715  |b 598272208  |y x  |z 14-04-03 
980 |2 121  |1 01  |x 0045  |b 600828018  |h alma  |y x  |z 09-05-03 
980 |2 123  |1 01  |x 3311  |b 365782602  |y x  |z 15-11-99 
980 |2 130  |1 01  |x 0700  |b 178518379  |y xb  |z 21-03-96 
980 |2 131  |1 01  |x 3131  |b 28127620X  |u zp  |y x  |z 05-05-98 
980 |2 171  |1 01  |x 3309  |b 660822237  |y x  |z 11-08-04 
980 |2 176  |1 01  |x 3703  |b 661292460  |y x2  |z 24-08-04 
980 |2 176  |1 02  |x 3703  |b 1516903501  |y x1  |z 08-01-15 
980 |2 179  |1 01  |x 8306  |b 864980280  |c 00  |f B4  |d Einzelsign.  |e u  |j --%%--  |y x  |z 20-03-08 
980 |2 179  |1 02  |x 8306  |b 1201585090  |c 00  |f B4/PaK  |d --%%--  |e g  |j --%%--  |y x  |z 03-12-10 
980 |2 179  |1 03  |x 8306  |b 1373203757  |c 00  |f B4/Reg.Fr.III.  |d --%%--  |e g  |j --%%--  |y x  |z 21-03-13 
980 |2 181  |1 01  |x 3181/010  |b 1302453831  |c 00  |f KB  |d --%%--  |e i  |j --%%--  |y xb010  |z 13-04-12 
980 |2 181  |1 25  |x 3181/030  |b 776584219  |c 00  |f MEK  |d Einzelsign.  |e i  |j --%%--  |y xb030  |z 04-09-06 
980 |2 181  |1 35  |x 3181/050  |b 1692204599  |c 00  |f IFM  |d --%%--  |e i  |j --%%--  |y xb050  |z 02-06-17 
980 |2 203  |1 01  |x 3522  |b 889247722  |y xm36609  |z 01-05-08 
980 |2 204  |1 01  |x 3204  |b 1841960322  |h efbib  |k Bibliographischer Nachweis  |y xhsb  |z 22-01-19 
980 |2 216  |1 01  |x 3708  |b 862048443  |y xwh  |z 28-02-08 
980 |2 244  |1 01  |x 3244  |b 638299837  |y x  |z 08-03-04 
980 |2 267  |1 01  |x 0101  |b 344218116X  |c 00  |f 101a  |d --%%--  |e --%%--  |j --%%--  |g Bestand: 1.1992 -. - Bestand s. Katalog  |y b1  |z 28-04-07 
980 |2 267  |1 02  |x DE-101b  |b 3442181178  |c 00  |f 101b  |d --%%--  |e --%%--  |j --%%--  |g Bestand: . - Bestand s. Katalog  |y b2  |z 28-04-07 
980 |2 285  |1 01  |x 0517  |b 771875223  |y x  |z 18-07-06 
980 |2 350  |1 01  |x 8293  |b 867523352  |c 00  |f MAG1  |d Dq 40  |e i  |j --%%--  |y x  |z 09-04-08 
980 |2 606  |1 01  |x 4606  |b 420340617X  |y xs  |z 28-10-22 
980 |2 655  |1 01  |x 4655  |b 1275853978  |y x  |z 07-11-11 
980 |2 688  |1 01  |x 4688  |b 1726726452  |y xkm  |z 05-12-17 
980 |2 697  |1 01  |x 4697  |b 1488596735  |y x  |z 14-05-14 
980 |2 807  |1 01  |x 3807  |b 4697824407  |y x  |z 07-04-25 
980 |2 813  |1 01  |x 4813  |b 4419140216  |y n  |z 07-11-19 
980 |2 2001  |1 01  |x DE-21  |b 2482920442  |c 00  |f --%%--  |d --%%--  |e --%%--  |j --%%--  |y l01  |z 20-01-93 
980 |2 2002  |1 01  |x DE-21-31  |b 2482920450  |c 00  |f --%%--  |d Einzelsignatur  |e p  |j --%%--  |y l01  |z 14-05-01 
980 |2 2002  |1 12  |x DE-21-64  |b 2482920469  |c 00  |f --%%--  |d --%%--  |e p  |j --%%--  |y l01  |z 07-07-05 
980 |2 2002  |1 23  |x DE-21-35  |b 2482920477  |c 00  |f --%%--  |d Einzelsignatur  |e p  |j --%%--  |y l01  |z 30-04-03 
980 |2 2002  |1 34  |x DE-21-62  |b 2507682264  |c 00  |f --%%--  |d --%%--  |e p  |j --%%--  |y l01  |z 02-05-06 
980 |2 2002  |1 45  |x DE-21-108  |b 2565856962  |c 00  |f --%%--  |d --%%--  |e p  |j l  |y l01  |z 14-03-08 
980 |2 2002  |1 56  |x DE-21-32c  |b 2594764345  |c 00  |f --%%--  |d --%%--  |e p  |j --%%--  |y l01  |z 11-03-09 
980 |2 2003  |1 01  |x DE-25  |b 2482920485  |c 00  |f --%%--  |d --%%--  |e --%%--  |j --%%--  |k ws  |y l01  |z 20-10-92 
980 |2 2004  |1 01  |x DE-25-31b  |b 2482920493  |c 00  |f --%%--  |d --%%--  |e p  |j --%%--  |y l01  |z 25-04-97 
980 |2 2004  |1 23  |x DE-25-66a  |b 2482920515  |c 00  |f --%%--  |d Frei 66a:  |e p  |j --%%--  |k Sa  |y l01  |z 07-01-93 
980 |2 2004  |1 34  |x DE-25-81  |b 2482920523  |c 00  |f --%%--  |d --%%--  |e p  |j --%%--  |k wg  |y l01  |z 19-06-96 
980 |2 2004  |1 56  |x DE-Frei131  |b 2848206802  |c 00  |f --%%--  |d Frei 131:  |e p  |j --%%--  |y l056  |z 07-07-15 
980 |2 2005  |1 01  |x DE-291  |b 2482920531  |c 00  |f --%%--  |d --%%--  |e --%%--  |j --%%--  |y l01  |z 14-11-01 
980 |2 2005  |1 12  |x DE-291-102  |b 248292054X  |c 00  |f --%%--  |d --%%--  |e p  |j --%%--  |y l01  |z 09-06-99 
980 |2 2005  |1 23  |x DE-291-313  |b 2482920558  |c 00  |f --%%--  |d --%%--  |e p  |j --%%--  |y l01  |z 02-08-99 
980 |2 2005  |1 35  |x DE-291-306  |b 3037570067  |c 00  |f --%%--  |d --%%--  |e --%%--  |j --%%--  |y l01  |z 11-12-18 
980 |2 2006  |1 01  |x DE-14  |b 2482920566  |c 00  |f --%%--  |d --%%--  |e --%%--  |j --%%--  |y l01  |z 09-03-93 
980 |2 2007  |1 01  |x DE-352  |b 2482920574  |c 00  |f --%%--  |d --%%--  |e --%%--  |j --%%--  |y l01  |z 02-12-92 
980 |2 2008  |1 01  |x DE-24  |b 2482920582  |c 00  |f --%%--  |d --%%--  |e --%%--  |j --%%--  |y l01  |z 27-01-93 
980 |2 2009  |1 01  |x DE-180  |b 2482920604  |c 00  |f --%%--  |d --%%--  |e --%%--  |j --%%--  |y l01  |z 15-04-93 
980 |2 2010  |1 01  |x DE-15  |b 3971046894  |c 00  |f --%%--  |d --%%--  |e --%%--  |j k  |g Bestand: . - Nachweis als Serie  |y z01  |z 09-08-21 
980 |2 2011  |1 01  |x DE-16  |b 2482920620  |c 00  |f --%%--  |d --%%--  |e --%%--  |j --%%--  |y l01  |z 22-01-93 
980 |2 2012  |1 01  |x DE-16-29  |b 2482920647  |c 00  |f --%%--  |d --%%--  |e --%%--  |j --%%--  |y l01  |z 11-02-93 
980 |2 2012  |1 13  |x DE-16-34  |b 2482920663  |c 00  |f --%%--  |d --%%--  |e p  |j --%%--  |y l01  |z 07-05-93 
980 |2 2012  |1 25  |x DE-16-47  |b 248292068X  |c 00  |f --%%--  |d --%%--  |e p  |j --%%--  |y l01  |z 18-10-96 
980 |2 2012  |1 37  |x DE-16-142  |b 2712751493  |c 00  |f --%%--  |d --%%--  |e --%%--  |j --%%--  |y l01  |z 08-05-12 
980 |2 2014  |1 01  |x DE-90  |b 2482920728  |c 00  |f --%%--  |d --%%--  |e --%%--  |j --%%--  |y l01  |z 08-12-92 
980 |2 2015  |1 01  |x DE-93  |b 2482920744  |c 00  |f --%%--  |d --%%--  |e --%%--  |j --%%--  |y l01  |z 27-02-97 
980 |2 2016  |1 01  |x DE-93-114  |b 2482920752  |c 00  |f --%%--  |d Einzelsignatur  |e p  |j --%%--  |y l01  |z 02-11-94 
980 |2 2018  |1 01  |x DE-31  |b 2482920760  |c 00  |f --%%--  |d --%%--  |e --%%--  |j --%%--  |y l01  |z 17-11-92 
980 |2 2018  |1 02  |x DE-31  |b 3945712254  |c 00  |f --%%--  |d --%%--  |e --%%--  |j l  |g Bestand: . - Bestand siehe Katalog  |y z01  |z 06-07-21 
980 |2 2019  |1 01  |x DE-Tü135  |b 4551239496  |c 00  |f --%%--  |d --%%--  |e --%%--  |j n  |y l01  |z 15-07-24 
980 |2 2020  |1 01  |x DE-Ch1  |b 2482920779  |c 00  |f --%%--  |d --%%--  |e --%%--  |j --%%--  |y l01  |z 11-02-98 
980 |2 2027  |1 01  |x DE-105  |b 2514867266  |c 00  |f --%%--  |d --%%--  |e --%%--  |j --%%--  |y l01  |z 25-08-06 
980 |2 2030  |1 01  |x DE-77-XXX  |b 4909619801  |c 00  |f --%%--  |d --%%--  |e --%%--  |j l  |y l01  |z 17-03-08 
980 |2 2035  |1 01  |x DE-Sp3  |b 2622536453  |c 00  |f --%%--  |d --%%--  |e p  |j --%%--  |y l01  |z 01-02-10 
980 |2 2036  |1 01  |x DE-Stg117  |b 2503451004  |c 00  |f --%%--  |d --%%--  |e --%%--  |j --%%--  |y l01  |z 23-02-06 
980 |2 2036  |1 02  |x DE-Stg117  |b 2728534381  |c 00  |f --%%--  |d --%%--  |e --%%--  |j --%%--  |y l01  |z 06-07-12 
980 |2 2041  |1 01  |x DE-Frei85  |b 2482920795  |c 00  |f --%%--  |d --%%--  |e p  |j --%%--  |y l01  |z 22-01-96 
980 |2 2042  |1 01  |x DE-M504190  |b 3046797648  |c 00  |f --%%--  |d --%%--  |e --%%--  |j n  |y l01  |z 21-01-19 
980 |2 2042  |1 02  |x DE-M504114  |b 3055016475  |c 00  |f --%%--  |d --%%--  |e --%%--  |j n  |y l01  |z 05-02-19 
980 |2 2043  |1 01  |x DE-Mar1  |b 2482920809  |c 00  |f --%%--  |d --%%--  |e l  |j --%%--  |y l01  |z 06-08-03 
980 |2 2046  |1 01  |x DE-N1  |b 2627332368  |c 00  |f --%%--  |d --%%--  |e p  |j --%%--  |y l01  |z 05-03-10 
980 |2 2046  |1 02  |x DE-N1  |b 3564701575  |c 00  |f --%%--  |d --%%--  |e --%%--  |j k  |g Bestand: . - Bestand siehe lokale Kataloge  |y z01  |z 13-12-19 
980 |2 2056  |1 01  |x DE-2491  |b 3011634815  |c 00  |f --%%--  |d --%%--  |e --%%--  |j --%%--  |y l01  |z 05-06-18 
980 |2 2082  |1 01  |x DE-D13  |b 3006189728  |c 00  |f --%%--  |d --%%--  |e p  |j --%%--  |y l01  |z 16-04-18 
980 |2 2083  |1 01  |x DE-Rot2  |b 2529068208  |c 00  |f --%%--  |d Bde. vorhd.  |e --%%--  |j --%%--  |y l01  |z 12-03-07 
980 |2 2123  |1 01  |x DE-He116  |b 2482920817  |c 00  |f --%%--  |d --%%--  |e --%%--  |j --%%--  |y l01  |z 14-06-95 
980 |2 2155  |1 01  |x DE-Stg260  |b 2482920833  |c 00  |f --%%--  |d --%%--  |e --%%--  |j --%%--  |k S1HH  |y l01  |z 20-12-99 
980 |2 2156  |1 01  |x DE-D264  |b 2482920841  |c 00  |f --%%--  |d --%%--  |e --%%--  |j --%%--  |k ke  |y l01  |z 17-09-04 
980 |2 2158  |1 02  |x DE-D115  |b 2802723456  |c 00  |f --%%--  |d Einzelsign.  |e --%%--  |j k  |g Bestand: . - Bestand s. Katalog  |y z01  |z 06-06-14 
980 |2 2164  |1 01  |x DE-Tü126  |b 255394585X  |c 00  |f --%%--  |d --%%--  |e --%%--  |j --%%--  |y l01  |z 23-10-07 
980 |2 2175  |1 01  |x DE-Stg90  |b 2686104279  |c 00  |f A7KS  |d Einzelsignaturen  |e p  |j --%%--  |y l01  |z 04-08-11 
980 |2 2208  |1 01  |x DE-451  |b 2525178688  |c 00  |f --%%--  |d --%%--  |e --%%--  |j --%%--  |y l01  |z 19-01-07 
980 |2 2258  |1 01  |x DE-Stg277  |b 3025554983  |c 00  |f --%%--  |d 14719  |e u  |j --%%--  |y l01  |z 14-09-18 
980 |2 2299  |1 01  |x DE-Gl2  |b 2706712325  |c 00  |f --%%--  |d --%%--  |e --%%--  |j --%%--  |y l01  |z 24-02-12 
980 |2 2306  |1 01  |x DE-Be1  |b 2612070478  |c 00  |f --%%--  |d --%%--  |e n  |j --%%--  |y l01  |z 02-10-09 
980 |2 2315  |1 01  |x DE-185  |b 2724586158  |c 00  |f --%%--  |d 2012 B 0696  |e --%%--  |j --%%--  |y l01  |z 06-10-12 
980 |2 2428  |1 01  |x DE-L325  |b 355089371X  |c 00  |f --%%--  |d Signatur  |e p  |j --%%--  |y l01  |z 28-11-19 
980 |2 2436  |1 01  |x DE-Brs1  |b 4049994836  |c 00  |f --%%--  |d --%%--  |e --%%--  |j --%%--  |y l01  |z 02-02-22 
980 |2 2449  |1 01  |x DE-ZDB-HU-100  |b 2834309930  |c 00  |f --%%--  |d --%%--  |e --%%--  |j --%%--  |y l01  |z 04-03-15 
980 |2 2453  |1 01  |x DE-L327  |b 2940086192  |c 00  |f --%%--  |d --%%--  |e p  |j n  |y l01  |z 05-10-16 
980 |2 2505  |1 01  |x DE-B478  |b 2851596144  |c 00  |f --%%--  |d --%%--  |e --%%--  |j --%%--  |y l01  |z 10-07-15 
980 |2 2508  |1 01  |x DE-B69  |b 4337188118  |c 00  |f --%%--  |d --%%--  |e --%%--  |j n  |g Bestand: . - Einzelsignatur  |y z01  |z 14-06-23 
980 |2 2527  |1 02  |x DE-125  |b 3049841095  |c 00  |f --%%--  |d --%%--  |e --%%--  |j l  |g Bestand: 3.1995; 9.2003. - Einzeltitel mit Buchsignaturen!  |y z01  |z 29-01-19 
980 |2 2549  |1 01  |x DE-2830  |b 4135115497  |c 00  |f --%%--  |d --%%--  |e --%%--  |j --%%--  |y l01  |z 17-05-22 
980 |2 2570  |1 01  |x DE-364  |b 4812039525  |c 00  |f --%%--  |d Einzelsignatur  |e --%%--  |j l  |g Bestand: 1.1992 -  |y z01  |z 26-06-17 
980 |2 2570  |1 02  |x DE-364  |b 4818612766  |c 00  |f --%%--  |d Einzelsignatur  |e --%%--  |j --%%--  |g Bestand: 1.1992 - 35.2025  |y l01  |z 02-12-25 
980 |2 2579  |1 01  |x DE-Mz5  |b 4722107688  |c 00  |f --%%--  |d --%%--  |e --%%--  |j --%%--  |y l01  |z 05-04-06 
980 |2 2580  |1 01  |x DE-4370  |b 468822334X  |c 00  |f --%%--  |d --%%--  |e p  |j --%%--  |y l01  |z 19-03-25 
980 |2 4277  |1 01  |x DE-109  |b 3442181186  |c 00  |f --%%--  |d Einzelsign.  |e s  |j --%%--  |y b  |z 24-02-05 
981 |2 2046  |1 02  |x DE-N1  |r https://webopac.gnm.de 
981 |2 4277  |1 01  |x DE-109  |r https://www.voebb.de/aDISWeb/app?service=direct/0/Home/%24DirectLink&sp=SPROD00&sp=SAK15317799 
982 |2 61  |1 00  |x DE-32  |8 00  |a Schlesien [Historische Landschaft] / Geschichte 
982 |2 204  |1 01  |x 3204  |8 01  |0 (DE-627)584745486  |a Hochschulbibliographie 
982 |2 204  |1 01  |x 3204  |8 02  |0 (DE-627)584745559  |a Universität <Erfurt, 1994 -> 
983 |2 39  |1 00  |x DE-547  |8 00  |a NY 4650 
983 |2 2036  |1 02  |x DE-Stg117  |8 00  |a A 7/ 9323 
984 |2 2012  |1 37  |x DE-16-142  |a 611045029 
985 |2 267  |1 01  |x 0101  |a L-1992-126026645 
985 |2 267  |1 02  |x DE-101b  |a F-1992-126026653 
985 |2 2258  |1 01  |x DE-Stg277  |a 14719 
987 |2 267  |1 01  |x 0101  |d 1  |j 1992  |6   
987 |2 2527  |1 02  |x DE-125  |d 3  |j 1995  |0    |d 9  |j 2003 
987 |2 2570  |1 01  |x DE-364  |d 1  |j 1992 
995 |2 24  |1 01  |x 0008  |a hb 
995 |2 24  |1 02  |x 0008  |a ha 
995 |2 121  |1 01  |x 0045  |a alma 
995 |2 204  |1 01  |x 3204  |a efbib